| 000 | 00501nam a22001817a 4500 | ||
|---|---|---|---|
| 003 | CEME | ||
| 005 | 20210628210706.0 | ||
| 008 | 210211b xxu||||| |||| 00| 0 eng d | ||
| 020 | _a0-7494-3178-4 | ||
| 040 | _c. | ||
| 082 | _a004.67 EIS | ||
| 100 |
_aEisenstadt, Marc Vincent, Tom _980571 |
||
| 245 | _aThe knowledge web learning and collaborating on the net | ||
| 260 |
_aLONDON _bKOGAN PAGE _c2000 |
||
| 300 | _aXVI,293P | ||
| 650 |
_aWEB KNOWLEDGE INTERNET LEARNING _980572 |
||
| 942 |
_cBK _2ddc |
||
| 999 |
_c585480 _d585480 |
||